| Tag |
First Indicator |
Second Indicator |
Subfields |
| LEADER |
00000cam a2200000 4500 |
| 001 |
in00000058269 |
| 005 |
20151008051519.0 |
| 008 |
740919s1967 ii b 00000 eng u |
| 010 |
|
|
|a sa 67002477
|
| 035 |
|
|
|a (OCoLC)01015372
|
| 035 |
|
|
|9 AAG8383AM
|
| 040 |
|
|
|c TOL
|d TXA
|d UtOrBLW
|
| 049 |
|
|
|a TXAM
|c [471981]
|
| 050 |
0 |
0 |
|a JQ298.B5
|b J5
|
| 092 |
|
|
|a 329.954
|b J59j
|
| 100 |
1 |
|
|a Jhangiani, Motilal A.
|
| 245 |
1 |
0 |
|a Jana Sangh and Swatantra ;
|b a profile of the rightist parties in India /
|c [by] Motilal A. Jhangiani.
|
| 264 |
|
1 |
|a Bombay :
|b Manaktalas,
|c [1967]
|
| 264 |
|
4 |
|c [©1967]
|
| 300 |
|
|
|a xiv, 223 pages ;
|c 23 cm.
|
| 336 |
|
|
|a text
|b txt
|2 rdacontent
|
| 337 |
|
|
|a unmediated
|b n
|2 rdamedia
|
| 338 |
|
|
|a volume
|b nc
|2 rdacarrier
|
| 610 |
2 |
0 |
|a Bharatiya Jan Sangh.
|
| 610 |
2 |
0 |
|a Swatantra Party.
|
| 999 |
|
|
|a MARS
|
| 999 |
f |
f |
|s e7c29765-2948-3531-bd50-74f1a27d51b7
|i acd5a00d-2a8f-32bc-a018-965dec7866f5
|t 0
|
| 952 |
f |
f |
|p ric
|a Texas A&M University
|b Rellis Campus
|c Joint Library Facility
|d Remote Storage
|t 0
|e JQ298.B5 J5
|h Library of Congress classification
|i unmediated -- volume
|m A14800684746
|
| 998 |
f |
f |
|a JQ298.B5 J5
|t 0
|l Remote Storage
|